A career for you / (Record no. 135992)
[ view plain ]
| 000 -LEADER | |
|---|---|
| fixed length control field | 00611nam a22002057a 4500 |
| 005 - DATE AND TIME OF LATEST TRANSACTION | |
| control field | 20181110151038.0 |
| 010 ## - LCCN (DPL NO) | |
| LC control number | B-217463, B-217485 |
| 020 ## - INTERNATIONAL STANDARD BOOK NUMBER | |
| Terms of availability | 150.00 |
| International Standard Book Number | 8123013515 |
| 035 ## - SYSTEM CONTROL NUMBER | |
| System control number | B-217463, B-217485 |
| 037 ## - SOURCE OF ACQUISITION | |
| Source of stock number/acquisition | Cen Lib/Ret |
| 082 ## - DEWEY DECIMAL CLASSIFICATION NUMBER | |
| Classification number | 371.425 |
| Item number | CAR |
| 245 ## - TITLE STATEMENT | |
| Title | A career for you / |
| 260 ## - PUBLICATION, DISTRIBUTION, ETC. (IMPRINT) | |
| Place of publication, distribution, etc | New Delhi |
| Name of publisher, distributor, etc | Publications Division |
| Date of publication, distribution, etc | 2006 |
| 270 ## - ADDRESS | |
| City | New Delhi |
| Address | Soochna Bhavan, CGO Complex, Lodhi Road |
| Postal code | 110003 |
| 300 ## - PHYSICAL DESCRIPTION | |
| Extent | 393p. |
| Dimensions | 20cm(pbk) |
| 650 ## - SUBJECT ADDED ENTRY--TOPICAL TERM | |
| Topical term or geographic name as entry element | Medicine -- career |
| 650 ## - SUBJECT ADDED ENTRY--TOPICAL TERM | |
| Topical term or geographic name as entry element | Career guide |
| 942 ## - ADDED ENTRY ELEMENTS (KOHA) | |
| Source of classification or shelving scheme | Dewey Decimal Classification |
| Item type | English Books |
| Classification part | 371.425 |
| Call number suffix | CAR |
| Withdrawn status | Lost status | Not for loan | Home library | Current library | Date acquired | Source of acquisition | Cost, normal purchase price | Full call number | Barcode | Copy number | Cost, replacement price | Koha item type | Collection code |
|---|---|---|---|---|---|---|---|---|---|---|---|---|---|
| Central Library | Central Library | 12/10/2015 | Cen Lib/Ret | 150.00 | 371.425 CAR | B-217463 | 1 | 150.00 | English Books | ||||
| Central Library | Central Library | 13/10/2016 | Cen Lib/Ret | 150.00 | 371.425 CAR | B-217464 | 2 | 150.00 | English Books | ||||
| R.C.Libraries (zls) | R.C.Libraries (zls) | 10/11/2018 | 150.00 | 371.425 CAR | B-217485 | 1 | 150.00 | English Books | Non-fiction | ||||
| Sarojini Nagar | Sarojini Nagar | 13/10/2018 | 371.425 CAR | B-217492 | English Books | Non-fiction | |||||||
| Sarojini Nagar | Sarojini Nagar | 16/02/2019 | 371.425 CAR | B-217488 | English Books | Non-fiction |
